UBT Library

REAL WRITING WITH READINGS (Record no. 59422)

000 -LEADER
fixed length control field 00335nam a22001457a 4500
008 - FIXED-LENGTH DATA ELEMENTS--GENERAL INFORMATION
fixed length control field 230322b ||||| |||| 00| 0 eng d
020 ## - INTERNATIONAL STANDARD BOOK NUMBER
International Standard Book Number 9781319003234
041 ## - LANGUAGE CODE
Language code of text/sound track or separate title eng
080 ## - UNIVERSAL DECIMAL CLASSIFICATION NUMBER
Edition identifier SEVENTH EDITION
Universal Decimal Classification number 37
082 ## - DEWEY DECIMAL CLASSIFICATION NUMBER
Classification number 37ANK
100 ## - Rafti
Rafti 22
101 ## - Shkurtesa
Shkurtesa EDUKIM
245 ## - TITLE STATEMENT
Title REAL WRITING WITH READINGS
Statement of responsibility, etc ANKER S
942 ## - ADDED ENTRY ELEMENTS (KOHA)
Source of classification or shelving scheme
Item type Books
Holdings
Withdrawn status Lost status Source of classification or shelving scheme Damaged status Not for loan Collection code Permanent location Current location Date acquired Total Checkouts Full call number Barcode Date last seen Price effective from Koha item type
          Koleksioni i përgjithshem UBT - Prishtine UBT - Prishtine 03/22/2023   37ANK 002-8002046 03/22/2023 03/22/2023 Books
          Koleksioni i përgjithshem UBT - Prishtine UBT - Prishtine 03/22/2023   37ANK 002-8002047 03/22/2023 03/22/2023 Books
          Koleksioni i përgjithshem UBT - Prishtine UBT - Prishtine 03/22/2023   37ANK 002-8002048 03/22/2023 03/22/2023 Books
UBT Library © 2015-2024. All rights reserved University Education for Business and Technology